| 000 | 00790nam a22002177a 4500 | ||
|---|---|---|---|
| 999 |
_c4326 _d4326 |
||
| 003 | AR-CdUCM | ||
| 008 | 190308b ||||| |||| 00| 0 eng d | ||
| 040 |
_aMUNICIPALIDAD PROVINCIAL DEL CUSCO _cBIBLIOTECA MUNICIPAL DEL CUSCO |
||
| 082 |
_a808.8 / _bG70 |
||
| 100 |
_aGonzalez Prada, Manuel _9638 |
||
| 245 | _aHoras de Lucha / | ||
| 260 |
_aLima : _bAlmen editores, |
||
| 300 |
_a198 paginas ; _c16 cm. |
||
| 440 |
_aPluma de oro _913670 |
||
| 505 | _aContenido :Los partidos y la unión nacional -- Librepensamiento de acción -- El intelectual y el obrero -- Las esclavas de la iglesia -- Nuestro periodismo -- Nuestros conservadores .. | ||
| 650 |
_aSocialismo _91037 |
||
| 650 |
_aUnión Nacional _9642 |
||
| 650 |
_aPartido liberal _9643 |
||
| 942 |
_2ddc _cLIBROS |
||
| 945 | _arjall | ||